Classical mechanics (Record no. 6630)

MARC details
000 -LEADER
fixed length control field 00295nam a2200121Ia 4500
008 - FIXED-LENGTH DATA ELEMENTS--GENERAL INFORMATION
fixed length control field 191201s2008 xx 000 0 und d
100 ## - MAIN ENTRY--PERSONAL NAME
Personal name Gupta, S.L.
245 #0 - TITLE STATEMENT
Title Classical mechanics
260 ## - PUBLICATION, DISTRIBUTION, ETC. (IMPRINT)
Place of publication, distribution, etc N. delhi
Name of publisher, distributor, etc Pragati Prakashan Meerut
Date of publication, distribution, etc 2008
300 ## - PHYSICAL DESCRIPTION
Extent 390
650 ## - SUBJECT ADDED ENTRY--TOPICAL TERM
Topical term or geographic name as entry element Applied
942 ## - ADDED ENTRY ELEMENTS (KOHA)
Source of classification or shelving scheme Dewey Decimal Classification
Koha item type Text Books
Holdings
Withdrawn status Lost status Source of classification or shelving scheme Damaged status Not for loan Collection code Home library Current library Date acquired Source of acquisition Cost, normal purchase price Bill Number Total Checkouts Full call number Acc. no. / Barcode Date last seen Actual Cost, discounted price Bill Date Koha item type Date last borrowed
    Dewey Decimal Classification     Applied Sc. PIET C-LIBRARY PIET C-LIBRARY 20/06/2016 Pragati Prakashan Meerut 190.00 TCM/2016/10403   531 GUC 29047 04/12/2019 122.44 13/06/2016 Text Books  
    Dewey Decimal Classification     Applied Sc. PIET C-LIBRARY PIET C-LIBRARY 20/06/2016 Pragati Prakashan Meerut 190.00 TCM/2016/10403   531 GUC 29048 04/12/2019 122.44 13/06/2016 Text Books  
    Dewey Decimal Classification     Applied Sc. PIET C-LIBRARY PIET C-LIBRARY 20/06/2016 Pragati Prakashan Meerut 190.00 TCM/2016/10403 1 531 GUC 29049 12/04/2024 122.44 13/06/2016 Text Books 23/02/2024

Design & Developed by: PIET Central Library
R70 Miles Stone Pattikalyana Samalkha Panipat 132102
mail ID :- [email protected], Phone No:- 0180-2569700 Ex.216